Geography Quiz

Random Geography or State Quiz

Most Densely Populated States Quiz Stats

 Plays Quiz Updated Jan 20, 2016

Also try: Dominant Cities
Challenge
Share
Tweet
Embed
Score 0/20 Timer 03:00
0 Plays Today
Rank State % Correct
7New York
97.4%
8Florida
92.7%
11California
91.7%
2Rhode Island
90.8%
1New Jersey
89.7%
9Ohio
87%
12Illinois
85.7%
3Massachusetts
85.3%
5Maryland
84.8%
4Connecticut
84.8%
Rank State % Correct
14Virginia
84.8%
6Delaware
83.8%
15North Carolina
83.4%
18Georgia
83.3%
10Pennsylvania
83.2%
20South Carolina
80.3%
16Michigan
79.7%
17Indiana
75.6%
13Hawaii
72.9%
19Tennessee
71.8%

You're not logged in!

Compare scores with friends on all Sporcle quizzes.
OR
Log In

You Might Also Like...

Show Comments

Extras

Top Quizzes Today


Score Distribution

Your Account Isn't Verified!

In order to create a playlist on Sporcle, you need to verify the email address you used during registration. Go to your Sporcle Settings to finish the process.

Report this User

Report this user for behavior that violates our Community Guidelines.

Details: